000 00680nam a2200265Ia 4500
005 20260121161420.0
008 008 260114s9999 xx 000 0 eng d
020 _a9780203761472
037 _aEBOOK
040 _aCRL
040 _beng
040 _cCRL
041 _2eng
041 _aeng
084 _qCRL
100 _aClassics of International Relations
_91044430
245 0 _aHenrik Bliddal; Casper Sylvest; Peter Wilson
260 _bTaylor and Francis
260 _c2013
650 _aInternational Relations
_91044431
856 _uhttp://www.taylorfrancis.com/books/9780203761472
942 _cEBOOK
999 _c1610622
_d1610622